General Topology (Record no. 60733)
[ view plain ]
| 000 -LEADER | |
|---|---|
| fixed length control field | 00468nam a22001817a 4500 |
| 005 - DATE & TIME | |
| control field | 20260424133537.0 |
| 008 - FIXED-LENGTH DATA ELEMENTS--GENERAL INFORMATION | |
| fixed length control field | 260424b |||||||| |||| 00| 0 eng d |
| 020 ## - ISBN | |
| International Standard Book Number | 9783111700229 |
| Price | 2299.00 |
| 040 ## - CATALOGING SOURCE | |
| Original cataloging agency | Doon University |
| 041 ## - Language | |
| Language | English |
| 082 ## - DDC NUMBER | |
| Classification number | 514.325 |
| Book Number | RIC |
| 100 ## - MAIN ENTRY--PERSONAL NAME | |
| Personal name | Richmond, Tom |
| 245 ## - TITLE STATEMENT | |
| Title | General Topology |
| Sub Title | : An Introduction |
| 260 ## - PUBLICATION, DISTRIBUTION, ETC. (IMPRINT) | |
| Place of publication, distribution, etc | Berlin |
| Name of publisher, distributor, etc | De Gruyter |
| Date of publication, distribution, etc | 2025 |
| 300 ## - PHYSICAL DESCRIPTION | |
| Pages | 314 |
| 650 ## - Subject | |
| Subject | Mathematics (PM USHA) |
| 942 ## - ADDED ENTRY ELEMENTS (KOHA) | |
| Koha item type | Books |
| 100 ## - MAIN ENTRY--PERSONAL NAME | |
| -- | 26747 |
| 650 ## - Subject | |
| -- | 26738 |
| 952 ## - LOCATION AND ITEM INFORMATION (KOHA) | |
| -- | 2026-04-24 |
| 952 ## - LOCATION AND ITEM INFORMATION (KOHA) | |
| -- | 2026-04-24 |
| 952 ## - LOCATION AND ITEM INFORMATION (KOHA) | |
| -- | 2026-04-24 |
| Withdrawn status | Lost status | Source of classification or shelving scheme | Damaged status | Not for loan | Location (home branch) | Sublocation or collection (holding branch) | Date acquired | Koha issues (times borrowed) | Koha full call number | Accession No. | Koha date last seen | Koha item type |
|---|---|---|---|---|---|---|---|---|---|---|---|---|
| Doon University | Doon University | 24.04.2026 | 514.325 RIC | 32815 | 24.04.2026 | Books | ||||||
| Doon University | Doon University | 24.04.2026 | 514.325 RIC | 32816 | 24.04.2026 | Books | ||||||
| Doon University | Doon University | 24.04.2026 | 514.325 RIC | 32817 | 24.04.2026 | Books |